Statistics for Most Common Female First Names in the U.S.

Click here to take the quiz!

General Stats

  • This quiz has been taken 112,737 times
    (3,871 since last reset)
  • The average score is 25 of 50

Answer Stats

RankNameAge% Correct
1Mary64
93%
3Elizabeth43
83%
40Katherine41
79%
33Kathleen62
79%
2Jennifer43
76%
8Sarah36
74%
49Anna38
64%
34Olivia16
64%
31Emma19
63%
6Jessica35
63%
7Susan63
62%
10Barbara70
60%
13Emily26
60%
45Victoria32
57%
12Karen60
56%
24Laura49
56%
9Lisa53
56%
5Patricia66
56%
50Hannah22
55%
35Rachel36
55%
43Maria43
52%
48Christina41
49%
42Christine54
49%
4Linda67
47%
39Margaret60
47%
46Julie52
46%
21Rebecca46
46%
28Samantha27
46%
16Amanda36
43%
22Amy44
43%
32Carol69
43%
15Michelle45
42%
20Nancy66
42%
14Kimberly45
39%
23Deborah63
38%
41Debra63
38%
44Lauren31
38%
29Nicole36
37%
38Pamela61
37%
47Kelly45
35%
19Sandra64
35%
18Stephanie41
34%
11Ashley31
33%
37Heather42
31%
17Melissa43
31%
26Donna65
30%
30Sharon65
30%
25Angela46
28%
36Brenda60
26%
27Cynthia58
26%

Score Distribution

Percentile by Number Answered

Percent of People with Each Score

Your Score History

You have not taken this quiz since the last reset